000 00457cam a2200193ua 4500
001 8113
008 150109n ii |||gr||||Z||||||hin
040 _cMAIN
041 _ahin
082 _a891.431
100 _aSingh, G.,
_eAuthor.
245 1 _aDhul bhare paon
_cBy Gulab Singh
250 _a1st.
260 _aVaranasi:
_bSanjay,
_c1992.
300 _a68p.
653 _aEast Indo-European & Celtic literatures
653 _aHindi poems
942 _cBK
999 _c7228
_d7228